Statistics for Uchiha clan and Uzumaki clan

Click here to take the quiz!

General Stats

  • This quiz has been taken 39 times
  • The average score is 5 of 15

Answer Stats

Uzumaki and hyugaUchiha% Correct
Hanabi Hyuga.Sasuke
100%
Boruto UzumakiMadara
79%
Himawari UzumakiObito
68%
Hanabi HyugaObito
68%
Naruto UzumakiFugaku
59%
Karin UzumakiSarada
47%
Ashina Uzumaki. ...Izuna
41%
Fuso UzumakiKagami
29%
Kushina UzumakiMikoto Uchiha
3%
Mito UzumakiShishui
3%
Menma UzumakiNagato
0%
Hinata hyugaNaka
0%
Naruto UzumakiSetsuna
0%
Nagato UzumakiTekka
0%
Neji hyugaYashiro
0%

Score Distribution

Percentile by Number Answered

Percent of People with Each Score

Your Score History

You have not taken this quiz